The state of world fisheries and aquaculture; 1998

Shranjeno v:
Bibliografske podrobnosti
Glavni avtor: FAO
Format: Knjiga
Jezik:Undetermined
Izdano: Rome FAO 1999
Teme:
Oznake: Označite
Brez oznak, prvi označite!
Thư viện lưu trữ: Trung tâm Học liệu Trường Đại học Cần Thơ
LEADER 00515nam a2200181Ia 4500
001 CTU_33998
008 210402s9999 xx 000 0 und d
082 |a 639 
082 |b S797/1998 
100 |a FAO 
245 4 |a The state of world fisheries and aquaculture; 1998 
245 0 |c FAO 
260 |a Rome 
260 |b FAO 
260 |c 1999 
650 |a aquaculture,fishery production,fishery resources 
904 |i Nguyễn Quang Điền, 991118 
980 |a Trung tâm Học liệu Trường Đại học Cần Thơ